Možnosti reagovania školy na požiadavky zamestnávateľov

Uložené v:
Podrobná bibliografia
Hlavný autor: Kompoltová, Soňa
Médium: Kapitola
Jazyk:Slovak
Tagy: Pridať tag
Žiadne tagy, Buďte prvý, kto otaguje tento záznam!

MARC

LEADER 00000naa$a2200000$$$4500
001 0061437
005 20240502071705.2
041 0 |a slo 
044 |a SK 
245 1 0 |a Možnosti reagovania školy na požiadavky zamestnávateľov  |c Soňa Kompoltová 
100 1 |a Kompoltová, Soňa